000 00876nam a2200229Ia 4500
003 OSt
005 20250729154824.0
008 191128t2018 ck a er 000 j spa d
020 _a9789588296937
040 _aCO-JMCR
_cCO-JMCR
041 0 _aspa
082 0 4 _aJ-C
_bARJc
100 1 _aArjona, Adriana,
_eautora
_9229
245 1 0 _aCuentos seleccionados /
_cAdriana Arjona, Hamilton Barrios, Beatriz Cadavid
250 _aPrimera edición
260 _aBogotá :
_bcangrejo editores,
_c©2018
300 _a86 páginas ;
_c21 cm.
490 0 _aNuevas letras de colombia
505 _aAfroman / Adriana Arjona -- Sancocho de gallina / Hamilton Barrios -- Al otro lado del puente / Beatriz Cadavid -- Y un día no volvió / Rodrigo Rogelis -- Las tejas viejas / Marco Sánchez P. -- Febrero -- Camilo Vergara
650 1 4 _aCuentos colombianos
_92360
942 _2ddc
_cBK
999 _c4221
_d4221